Kings of Judah - Statistics

General Stats
  • This quiz has been taken 49 times
  • The average score is 7 of 20
Answer Stats
Hint Answer % Correct
639-609 BC Josiah
81%
928-911 BC Rehoboam
74%
727-698 BC Hezekiah
67%
908-867 BC Asa
59%
743-727 BC Ahaz
44%
596-586 BC Zedekiah
44%
641-640 BC Amon
41%
851-843 BC Jehoram
41%
698-642 BC Manasseh
41%
785-733 BC Azariah
33%
608-598 BC Jehoiakim
33%
843-842 BC Ahaziah
30%
842-836 BC Athaliah
30%
798-769 BC Amaziah
26%
609 BC Jehoahaz
26%
597 BC Jehoiachin
26%
759-743 BC Jotham
26%
911-908 BC Abijam
19%
870-846 BC Jehoshapat
7%
836-798 BC Josah
0%
No matching quizzes found
Score Distribution
Percent of People with Each Score
Percentile by Number Answered
Your Score History
You have not taken this quiz